000
00238 a2200109 4500
245
_a
A history of the arab peoples
_h
Text
020
_a
0674395654
100
_a
Albert Hourani
650
_a
History
005
20191017173357.0
260
_c
1991
084
_a
DS37.7.67
999
_c
10174
_d
10174